000
00319nam a22001337a 4500
020
_q
PB.
040
_c
FIZZA ISHAQ
082
_a
620.106
_b
RAJ
100
_a
RAJPUT.
245
_a
A TEXT BOOK OF FLUID MECHANICS IN SI UNITS /
_c
RAJPUT.
260
_a
S.CHAND COMPANY ;
_c
2016.
300
_a
1051 P. ;
942
_2
ddc
_c
BK
999
_c
589794
_d
589794